Der Zusammenbruch des europäischen Staatensystems /

Bibliographic Details
Main Author: Holborn, Hajo, 1902-1969
Format: Book
Language:German
Published: Stuttgart : W. Kohlhammer, 1954.
Series:Urban Bücher ; 7
Subjects:

MARC

Tag First Indicator Second Indicator Subfields
LEADER 00000cam a22000005i 4500
001 in00001136838
005 20150930084507.0
008 900403s1954 gw 000 0 ger d
035 |a (OCoLC)21313059 
035 |9 AFX7313AM 
040 |a KEI  |c SER  |d TXA  |d UtOrBLW 
049 |a TXAM 
090 |a D424  |b .H615 1954 
100 1 |a Holborn, Hajo,  |d 1902-1969. 
245 1 4 |a Der Zusammenbruch des europäischen Staatensystems /  |c Hajo Holborn. 
264 1 |a Stuttgart :  |b W. Kohlhammer,  |c 1954. 
300 |a 192 pages 
336 |a text  |b txt  |2 rdacontent 
337 |a unmediated  |b n  |2 rdamedia 
338 |a volume  |b nc  |2 rdacarrier 
490 0 |a Urban Bücher ;  |v 7 
651 0 |a Europe  |x Politics and government  |y 20th century. 
999 |a MARS 
999 f f |s bb73cbd6-4986-3cda-9770-ffd1a65af597  |i 9065fb46-f7d2-3d41-bad0-806fa9efae18  |t 0 
952 f f |p ric  |a Texas A&M University  |b Rellis Campus  |c Joint Library Facility  |d Remote Storage  |t 0  |e D424 .H615 1954  |h Library of Congress classification  |i unmediated -- volume  |m A14817415190 
998 f f |a D424 .H615 1954  |t 0  |l Remote Storage